Geografia europea con la lettera L - Statistics

Statistiche generali
  • Questo quiz è stato fatto 191 volte
  • Il punteggio medio è 15 su 20
Statistiche sulle risposte
DOMANDA RISPOSTA % Corretto
La sua capitale è Riga Lettonia
96%
Stato che condivide il nome con la sua capitale Lussemburgo
96%
Regione nordica da cui proviene Babbo Natale Lapponia
94%
La regione italiana più popolosa Lombardia
94%
La sua capitale è Vaduz Liechtenstein
93%
Il museo più visitato al mondo Louvre
93%
Città natale dei Beatles Liverpool
86%
La terza città più grande della Francia Lione
84%
Vecchio nome di San Pietroburgo Leningrado
83%
La capitale dello stato che ha la sovranità sulle Azzorre Lisbona
78%
Bacino d'acqua sul quale è stata costruita Venezia Laguna
76%
Appese le sue 95 tesi sulla porta della cattedrale di Wittenberg Lutero
76%
Famoso pellegrinaggio cristiano per le apparizione della Vergine Lourdes
74%
Il più lungo fiume francese Loira
73%
Vi si trova Kaunas Lituania
67%
L'isola in cui visse Saffo Lesbo
58%
Così era conosciuto il Portogallo ai tempi dei Romani Lusitania
48%
Nota azienda dolciaria del Tirolo Loacker
45%
Città tedesca dove ha vissuto Bach da adulto Lipsia
43%
Città austriaca dove finisce un noto percorso ciclabile che inizia a San Candido Lienz
27%
Nessun quiz corrispondente trovato
Distribuzione punteggi
Percentuale di utenti per punteggio
Percentile per numero di risposta
I tuoi punteggi nel tempo
Non hai fatto questo quiz